| 000 | 00571nam a2200169Ia 4500 | ||
|---|---|---|---|
| 008 | 090201s9999 xx 000 0 und d | ||
| 010 | _aKPL-9022 | ||
| 040 | _bमराठी | ||
| 041 | _aमराठी | ||
| 082 |
_a40014 _b9022 |
||
| 100 | _aसुमति क्षेत्रमाडे | ||
| 245 |
_aसीमारेषा _cसुमति क्षेत्रमाडे |
||
| 260 |
_c2004 _bमहाराष्ट्र ग्रंथ भांडार |
||
| 300 |
_a324 _bमोठा |
||
| 600 | _aसीमारेषा | ||
| 942 | _cBOOK | ||
| 999 |
_c237294 _d237294 |
||